| 000 | 00360nam a22001217a 4500 | ||
|---|---|---|---|
| 008 | 230605b xxu||||| |||| 00| 0 eng d | ||
| 082 |
_a328.3658 _bGIC |
||
| 100 |
_cPatrick G.Gichohi _d2009 |
||
| 245 |
_a Effective Parliamentary Committee Membership _bA Guide for Members of Parliament |
||
| 260 |
_aNairobi _bPatrick G.Gichohi |
||
| 300 | _a56 p | ||
| 942 |
_2ddc _cBK |
||
| 999 |
_c381 _d381 |
||